000
00330nam a22001457a 4500
005
20160528121539.0
008
160528b xxu||||| |||| 00| 0 eng d
020
_a
007-065643-6
041
_a
eng
082
_b
5800
245
_a
Marketer's Tool kit
260
_b
Harward Business sels
650
_a
Management
_9
241
942
_c
BK
999
_c
2054
_d
2053